000 00927nam0a22002771 4500
001 RU\NLR\INFOCOMM\LIB\14718
005 20250617205147.0
010 _bsid.
_95000 экз.
035 _a(NLR Aleph) 004284951
090 _a2398321
_c2398321
100 _a20011219d1979 |||y0rusy50 ca
101 1 _afin
_cest
102 _aRU
105 _aa ||||000ay
200 1 _aNeuvosto-Eestin maatalous
_fEdgar Tonurist
_g[suom. J.Toomel]
210 _aTallinna
_cPerioodika
_d1979
215 _a147, [1] с., [26] л.цв.ил.
_cил.,цв. ил., портр.
_d21 см
300 _aВ вып. дан.: Сельское хозяйство Советской Эстонии/Эдгар тынурист
700 1 _aTonurist
_bE.
_gEdgar
_4070
702 1 _aToomel
_bJ.
_4730
801 1 _aRU
_bInfoComm
_c20011219
801 0 _aRU
_bNLR
_gPSBO
_c19800114
852 _aNLR
_bН
_jФин/3-5357
942 _cBOOK
980 _aNB